Nine Plays / (Record no. 13051)
[ view plain ]
| 000 -LEADER | |
|---|---|
| fixed length control field | 01188cam a22002891 4500 |
| 001 - CONTROL NUMBER | |
| control field | 6414169 |
| 003 - CONTROL NUMBER IDENTIFIER | |
| control field | EG-ScBUE |
| 005 - DATE AND TIME OF LATEST TRANSACTION | |
| control field | 20201102100101.0 |
| 008 - FIXED-LENGTH DATA ELEMENTS--GENERAL INFORMATION | |
| fixed length control field | 720420s1932 nyu f 000 d eng d |
| 035 ## - SYSTEM CONTROL NUMBER | |
| System control number | (OCoLC)290022 |
| 040 ## - CATALOGING SOURCE | |
| Original cataloging agency | DLC |
| Language of cataloging | eng |
| Description conventions | rda |
| Transcribing agency | ODaWU |
| Modifying agency | OCoLC |
| -- | OKentU |
| -- | DLC |
| -- | EG-ScBUE |
| 082 04 - DEWEY DECIMAL CLASSIFICATION NUMBER | |
| Classification number | 812.5 |
| Item number | ONE |
| Edition number | 22 |
| 100 1# - MAIN ENTRY--PERSONAL NAME | |
| Personal name | O'Neill, Eugene, |
| Dates associated with a name | 1888-1953, |
| Relator term | author. |
| 9 (RLIN) | 9995 |
| 245 10 - TITLE STATEMENT | |
| Title | Nine Plays / |
| Statement of responsibility, etc | by Eugene O'Neill, selected by the author ; introduction by Joseph Wood Krutch. |
| 264 #1 - PUBLICATION, DISTRIBUTION, ETC. (IMPRINT) | |
| Place of publication, distribution, etc | New York : |
| Name of publisher, distributor, etc | Liveright, Inc., |
| Date of publication, distribution, etc | 1932. |
| 300 ## - PHYSICAL DESCRIPTION | |
| Extent | xxii, 867 pages ; |
| Dimensions | 22 cm |
| 336 ## - CONTENT TYPE | |
| Source | rdacontent |
| Content type term | text |
| Content type code | txt |
| 337 ## - MEDIA TYPE | |
| Source | rdamedia |
| Media type term | unmediated |
| Media type code | n |
| 338 ## - CARRIER TYPE | |
| Source | rdacarrier |
| Carrier type term | volume |
| Carrier type code | nc |
| 500 ## - GENERAL NOTE | |
| General note | Donated By: Alaa Abdel Ghany |
| 505 0# - FORMATTED CONTENTS NOTE | |
| Formatted contents note | The emperor Jones.--"The hairy ape."--All God's chillun got wings.--Desire under the elms.--"Marco Millions."--The great god Brown.--Lazarus laughed.--Strange interlude.--Mourning becomes Electra |
| 650 #7 - SUBJECT ADDED ENTRY--TOPICAL TERM | |
| Topical term or geographic name as entry element | American drama |
| Chronological subdivision | 20th century. |
| Source of heading or term | BUEsh |
| 9 (RLIN) | 10290 |
| 653 ## - INDEX TERM--UNCONTROLLED | |
| Resource For college | Humanities: English |
| Arrived date list | November2020 |
| 655 ## - INDEX TERM--GENRE/FORM | |
| Form subdivision | Reading book |
| 9 (RLIN) | 34232 |
| 700 1# - ADDED ENTRY--PERSONAL NAME | |
| Personal name | Krutch, Joseph Wood, |
| Dates associated with a name | 1893-1970, |
| Relator term | author of introduction, etc. |
| 9 (RLIN) | 9996 |
| 942 ## - ADDED ENTRY ELEMENTS (KOHA) | |
| Source of classification or shelving scheme | Dewey Decimal Classification |
| Koha item type | Book - Borrowing |
| Withdrawn status | Lost status | Source of classification or shelving scheme | Damaged status | Not for loan | Collection code | Home library | Current library | Shelving location | Date acquired | Source of acquisition | Total Checkouts | Full call number | Barcode | Date last seen | Price effective from | Koha item type | Public note |
|---|---|---|---|---|---|---|---|---|---|---|---|---|---|---|---|---|---|
| Dewey Decimal Classification | Central Library | Central Library | Second Floor | 15/12/2009 | Donation | 812.5 ONE | 000019223 | 15/07/2025 | 15/12/2009 | Book - Borrowing | donated by Alaa AbdelGhaney |